000 00583nam a22002417a 4500
003 OSt
005 20180116183001.0
008 150210b xxu||||| |||| 00| 0 eng d
020 _a9780857328175
022 _a9780857328175
040 _c0
050 _a657
082 _a657
100 _aACCA
245 _aFinancial Accounting (FA.
_bPaper-F3 INT/UK
_cACCA
250 _a1 February 2014 To 31 August 2015.
260 _aUK
_bKaplan Financial Limited.
_c2013
300 _a520p.
500 _aPaper Cover
600 _aACCA
700 _aACCA
942 _2ddc
_cBK
_k657
999 _c349871
_d349871